[Event "QA-ANNIV-05"]
[Site "http://www.queenalice.com/game.php?id=654498"]
[Date "2009.9.18"]
[Round "2"]
[White "KHIM"]
[Black "TJ"]
[Result "1-0"]
[WhiteElo "2449"]
[BlackElo "1865"]

1. e4 c5 2. d4 cxd4 3. c3 Nf6 4. e5 Nd5 5. cxd4 d6 6. Nf3 Nc6 7. Bc4 Nb6 8. Bb5
dxe5 9. Nxe5 Bd7 10. Nxd7 Qxd7 11. O-O e6 12. Nc3 Be7 13. Qg4 O-O 14. Bxc6 bxc6
15. Bh6 Bf6 16. Rfd1 Kh8 17. Ne4 Qe7 18. Bf4 Rfd8 19. Nxf6 Qxf6 20. Be5 Qg6 21.
Qe2 Nd7 22. Bg3 Qf5 23. Rac1 Rac8 24. h3 h6 25. Qa6 Qb5 26. Qxb5 cxb5 27. Bc7
Re8 28. d5 exd5 29. Rxd5 Nb8 30. Kf1 a6 31. Rc3 Re6 32. f4 Kg8 33. Kf2 Rc6 34.
Ba5 f6 35. g4 Kf7 36. Ke3 Rxc3+ 37. Bxc3 Re8+ 38. Kf3 Nc6 39. b3 Re7 40. Rc5 Re6
41. f5 Rd6 42. Ke4 Ke8 43. Rd5 Kd7 44. Bd2 Ke7 45. Rxd6 Kxd6 46. a3 Kd7 47. Kd5
Ne5 48. Bb4 Nd3 49. Bf8 Nf4+ 50. Ke4 Nxh3 51. Bxg7 Ke7 52. Ke3 Ng5 53. Bxh6 Nh7
54. Kd4 Kd6 55. Be3 Kc6 56. Bf4 a5 57. Bd2 a4 58. bxa4 bxa4 59. Kc4 Nf8 60. Kb4
Nd7 61. Kxa4 Ne5 62. g5 fxg5 63. Bxg5 Kc5 64. Be7+ Kb6 65. Kb3 Kc7 66. a4 Kd7
67. Bb4 Kc7 68. a5 Kc6 69. Bc3 Nf7 70. Kb4 Nd6 71. f6 Nf7 72. Bd4 Kb7 73. Kb5
Nd6+ 74. Kc5 Nf7 75. Kd5 Nh8 76. Ke6 Ka6 77. Bc3 Kb7 78. Bb4 Ka6 79. Bf8 Kxa5
80. Bg7 Ng6 81. f7 Kb5 82. Kf6 Nf4 83. Kf5 1-0

[Event "QA-ANNIV-04"]
[Site "http://www.queenalice.com/game.php?id=695084"]
[Date "2009.12.9"]
[Round "7"]
[White "Wang"]
[Black "KHIM"]
[Result "1-0"]
[WhiteElo "2426"]
[BlackElo "2451"]

1. e4 e5 2. Nf3 Nc6 3. Bb5 Nge7 4. Nc3 g6 5. d4 exd4 6. Nxd4 Bg7 7. Be3 O-O 8.
Qd2 d5 9. Bxc6 bxc6 10. Bh6 Bxh6 11. Qxh6 c5 12. Nf3 f6 13. Qd2 d4 14. Na4 Qd6
15. Qa5 Nc6 16. Qxc5 Re8 17. O-O-O Rxe4 18. Rhe1 Rxe1 19. Rxe1 Kf7 20. Qxd6 cxd6
21. b3 Be6 22. c4 g5 23. Nb2 Bf5 24. Rd1 Bg4 25. Rd3 Bxf3 26. Rxf3 Ne5 27. Rh3
Rh8 28. b4 Kg6 29. Ra3 Rc8 30. Rxa7 Nxc4 31. Nd3 Ne3+ 32. Kd2 Rc2+ 33. Ke1 Nxg2+
34. Kd1 1-0

[Event "QA-ANNIV-05"]
[Site "http://www.queenalice.com/game.php?id=723863"]
[Date "2010.2.1"]
[Round "3"]
[White "Dean20"]
[Black "KHIM"]
[Result "0-1"]
[WhiteElo "1796"]
[BlackElo "2450"]

1. e4 b6 2. Bc4 Bb7 3. Nc3 e6 4. d4 Nf6 5. f3 d5 6. Bb5+ c6 7. Bd3 dxe4 8. fxe4
Qxd4 9. Nf3 Qd7 10. Bg5 Qc7 11. Bxf6 gxf6 12. Qe2 Nd7 13. a3 Bh6 14. h3 Rg8 15.
e5 O-O-O 16. Nd2 Nxe5 17. O-O-O Nxd3+ 18. cxd3 Ba6 19. Kc2 Bxd3+ 20. Qxd3 Rxd3
21. Kxd3 Qd6+ 22. Kc2 Rxg2 23. Ne4 Qd5 24. Nxf6 Rxd2+ 25. Rxd2 Qxd2+ 26. Kb3 Bg7
0-1

[Event "QA-ANNIV-06"]
[Site "http://www.queenalice.com/game.php?id=791085"]
[Date "2010.6.16"]
[Round "1"]
[White "Garry_Kasparov"]
[Black "KHIM"]
[Result "0-1"]
[WhiteElo "2029"]
[BlackElo "2434"]

1. e4 d5 2. exd5 Qxd5 3. Nc3 Qa5 4. d4 Nf6 5. Nf3 Nc6 6. Bd3 Bg4 7. h3 Bxf3 8.
Qxf3 O-O-O 9. Be3 Nxd4 10. Bxd4 Rxd4 11. O-O e6 12. Rae1 Bb4 13. a3 Bxc3 14.
bxc3 Qxc3 15. Rb1 Qc6 16. Qxc6 bxc6 17. Rb3 a5 18. Rfb1 Kd7 19. f3 Nd5 20. Be4
Kd6 21. c3 Rc4 22. Rc1 a4 23. Rb2 Rxc3 24. Rxc3 Nxc3 25. Rd2+ Nd5 26. Bc2 c5 27.
Bxa4 Ra8 28. Bc2 Rxa3 29. Bd3 g6 30. g4 Rc3 31. Be4 f5 0-1

[Event "QA-ANNIV-05"]
[Site "http://www.queenalice.com/game.php?id=793765"]
[Date "2010.6.23"]
[Round "5"]
[White "LuizFernandes"]
[Black "KHIM"]
[Result "1/2-1/2"]
[WhiteElo "2329"]
[BlackElo "2435"]

1. e4 Nf6 2. e5 Nd5 3. d4 d6 4. c4 Nb6 5. exd6 exd6 6. Nc3 Nc6 7. Nf3 Be7 8. Bd3
Bg4 9. Be3 O-O 10. O-O d5 11. c5 Nc4 12. Bxc4 dxc4 13. h3 Bxf3 14. Qxf3 Nxd4 15.
Qxb7 Nc2 16. Rad1 Qb8 17. c6 Nxe3 18. fxe3 Bd6 19. Rd4 Qe8 20. Re4 Qd8 21. Rf5
Rb8 22. Qxa7 Rxb2 23. Qd4 Rd2 24. Qxc4 Rc2 25. Qb3 Rc1+ 26. Kf2 g6 27. Rf3 Qa8
28. Rc4 Qa5 29. Qb2 Qa6 30. Qb3 Ra8 31. a4 Rc2+ 32. Kg1 Rb2 33. Qxb2 Qxc4 34.
Nb5 Qxa4 35. Nxd6 Qd1+ 36. Rf1 Qxd6 1/2-1/2

[Event "QA-ANNIV-06"]
[Site "http://www.queenalice.com/game.php?id=837040"]
[Date "2010.9.23"]
[Round "2"]
[White "KHIM"]
[Black "JOTA_CALAMAR"]
[Result "1-0"]
[WhiteElo "2433"]
[BlackElo "1622"]

1. c4 e5 2. Nc3 Nf6 3. g3 Bb4 4. Bg2 O-O 5. Nf3 Bxc3 6. bxc3 d6 7. O-O Bg4 8.
Rb1 Qc8 9. Nd4 c6 10. f3 exd4 11. fxg4 Qxg4 12. cxd4 Qxd4+ 13. e3 Qxc4 14. Rxf6
gxf6 15. Rxb7 Nd7 16. Rxd7 Rad8 17. Rc7 Rb8 18. Rxc6 Qxa2 19. Qg4+ Kh8 20. Be4
Rg8 21. Qh4 Rg7 22. Qxf6 Qe6 23. Bb2 Rxb2 24. Qxb2 h6 25. Qd4 f5 26. Rxd6 Qxe4
27. Rxh6+ Kg8 28. Qd8+ Kf7 29. Rf6# 1-0

[Event "QA-ANNIV-05"]
[Site "http://www.queenalice.com/game.php?id=841328"]
[Date "2010.10.3"]
[Round "6"]
[White "KHIM"]
[Black "zhiii00"]
[Result "1-0"]
[WhiteElo "2434"]
[BlackElo "2130"]

1. e4 c5 2. d4 cxd4 3. c3 dxc3 4. Nxc3 Nc6 5. Nf3 d6 6. Bc4 e6 7. O-O Nf6 8. Qe2
Be7 9. Rd1 e5 10. h3 Be6 11. Bb5 O-O 12. Bxc6 bxc6 13. Nxe5 Qc7 14. Nd3 Bc4 15.
Bf4 Nd7 16. b3 Be6 17. Nd5 cxd5 18. exd5 Bxd5 19. Qxe7 Rfe8 20. Qxd6 Qxd6 21.
Bxd6 Nf6 22. Rac1 a5 23. Nf4 Bb7 24. Rc7 Bc8 25. Be7 Nd7 26. Rcxd7 Bxd7 27. Rxd7
Rac8 28. g3 Rc2 29. a4 Rc3 30. b4 axb4 31. Bxb4 Rb3 32. Nd3 h6 33. a5 Re6 34.
Kg2 Rb1 35. Rb7 1-0

[Event "QA-ANNIV-06"]
[Site "http://www.queenalice.com/game.php?id=885082"]
[Date "2011.1.12"]
[Round "3"]
[White "KHIM"]
[Black "Plotnnikov"]
[Result "1-0"]
[WhiteElo "2436"]
[BlackElo "2470"]

1. c4 e6 2. Nc3 d5 3. d4 c6 4. e3 Nf6 5. Nf3 Nbd7 6. Qc2 Bd6 7. g4 Nxg4 8. Rg1
Nxh2 9. Nxh2 Bxh2 10. Rxg7 h5 11. cxd5 cxd5 12. e4 Kf8 13. Rg2 Bd6 14. e5 Nxe5
15. dxe5 Bxe5 16. Bg5 Bf6 17. Qd2 Bd7 18. Qf4 Bxg5 19. Rxg5 Rc8 20. O-O-O h4 21.
Kb1 h3 22. Bxh3 Rxc3 23. Bxe6 Bxe6 24. Qb4+ Qe7 25. Qxc3 Qxg5 26. Qxh8+ Ke7 27.
Qb8 Qf5+ 28. Ka1 Qxf2 29. Qxb7+ 1-0

[Event "QA-ANNIV-05"]
[Site "http://www.queenalice.com/game.php?id=885923"]
[Date "2011.1.13"]
[Round "7"]
[White "chessprm"]
[Black "KHIM"]
[Result "0-1"]
[WhiteElo "2355"]
[BlackElo "2445"]

1. d4 Nf6 2. c4 g6 3. Nc3 Bg7 4. e4 d6 5. Nf3 O-O 6. Be2 e5 7. O-O Nc6 8. d5 Ne7
9. Ne1 Nd7 10. Nd3 f5 11. Bd2 Nf6 12. f3 f4 13. c5 c6 14. cxd6 Qxd6 15. dxc6
Nxc6 16. Nb5 Qe7 17. Qa4 Be6 18. Bb4 Nxb4 19. Qxb4 Qxb4 20. Nxb4 Rfc8 21. Rfc1
Bf8 22. Nd3 Bc4 23. Nc3 Bxd3 24. Bxd3 Bb4 25. Nd5 Nxd5 26. exd5 Bc5+ 27. Kf1 Kf7
28. Rc2 Be3 29. Rd1 Rxc2 30. Bxc2 Rc8 31. Be4 Ke7 32. b3 Kd6 33. Ke2 Bc5 34. Rc1
Rc7 35. g4 fxg3 36. hxg3 Bb6 37. Rc4 Rxc4 38. bxc4 Kc5 39. Kd3 Bd8 40. a3 Bc7
41. Kc3 Ba5+ 42. Kd3 Be1 43. g4 b6 44. Ke2 Bc3 45. Kd3 Ba5 46. Ke3 Kxc4 47. d6
Kc5 48. d7 b5 49. Bb7 Bc7 50. Ba6 Kb6 51. Bc8 h5 52. gxh5 gxh5 53. Kf2 Bd8 0-1

[Event "QA-ANNIV-05"]
[Site "http://www.queenalice.com/game.php?id=921202"]
[Date "2011.4.3"]
[Round "8"]
[White "KHIM"]
[Black "Elcid"]
[Result "1-0"]
[WhiteElo "2452"]
[BlackElo "2105"]

1. e4 c6 2. c4 d5 3. cxd5 cxd5 4. exd5 Qxd5 5. Nc3 Qd6 6. d4 Nf6 7. Bc4 e6 8.
Nf3 Be7 9. O-O O-O 10. Nb5 Qb6 11. Bf4 Nd5 12. Bxd5 Qxb5 13. Be4 Nc6 14. Qc2 h6
15. a4 Qb4 16. Ra3 Nxd4 17. Nxd4 Qxd4 18. Be3 Qb4 19. Rfa1 f5 20. Bf3 Bf6 21.
Rb3 Qe7 22. a5 a6 23. Bc5 Qc7 24. Rb4 Re8 25. Rc4 Qf7 26. Bb6 e5 27. Rc7 Be7 28.
Qd1 Qf6 29. Qa4 Rd8 30. Bxb7 Bxb7 31. Rxb7 Rd2 32. Be3 Rdd8 33. h3 Qe6 34. b4 f4
35. Bb6 Rdb8 36. Rxb8+ Rxb8 37. b5 axb5 38. Qe4 Re8 39. a6 Qxb6 40. a7 Bh4 41.
a8=Q Qxf2+ 42. Kh1 Rxa8 43. Qxa8+ Kf7 44. Ra7+ Ke6 45. Qe8+ Kf5 46. Qh5+ Ke4 47.
Qg6+ Kd4 48. Rd7+ Kc3 49. Qc6+ Kb4 50. Rd1 Qb2 51. Qe4+ Kc5 52. Qd3 Be7 53. Rb1
Qd4 54. Qxb5+ Kd6 55. Qb3 Kc7 56. Qb8+ Kd7 57. Rb7+ Ke6 58. Qe8 Qd1+ 59. Kh2 Qd8
60. Qg6+ Bf6 61. Rxg7 f3 62. Qg4+ Kd6 63. Qb4+ Kd5 64. Qb7+ Kd6 65. Qa6+ Kd5 66.
Rg6 e4 67. Qxf6 Qc7+ 68. Rg3 fxg2 69. Kxg2 Qc2+ 70. Qf2 1-0

[Event "QA-ANNIV-06"]
[Site "http://www.queenalice.com/game.php?id=924406"]
[Date "2011.4.10"]
[Round "4"]
[White "PowerGuido"]
[Black "KHIM"]
[Result "1/2-1/2"]
[WhiteElo "2519"]
[BlackElo "2451"]

1. d4 f5 2. c4 Nf6 3. g3 e6 4. Bg2 Be7 5. Nf3 O-O 6. O-O d6 7. Nc3 Nc6 8. d5 Ne5
9. Nd4 exd5 10. cxd5 Bd7 11. Bf4 Nh5 12. Bxe5 dxe5 13. Ne6 Bxe6 14. dxe6 1/2-1/2

[Event "QA-ANNIV-05"]
[Site "http://www.queenalice.com/game.php?id=983077"]
[Date "2011.9.9"]
[Round "10"]
[White "KHIM"]
[Black "biscuter"]
[Result "1-0"]
[WhiteElo "2459"]
[BlackElo "2494"]

1. Nf3 Nf6 2. d4 d5 3. c4 e6 4. Bg5 Be7 5. Nc3 O-O 6. e3 h6 7. Bxf6 Bxf6 8. Qc2
c5 9. dxc5 Qa5 10. cxd5 exd5 11. O-O-O Bxc3 12. Qxc3 Qxa2 13. Bd3 Nc6 14. Kd2
Rd8 15. h3 Be6 16. Rhe1 Qa5 17. Qxa5 Nxa5 18. b4 Nc6 19. b5 Na5 20. Nd4 Rac8 21.
Ra1 Nc4+ 22. Bxc4 dxc4 23. Kc3 Rxc5 24. Rxa7 Rd7 25. e4 g5 26. Kb4 Rc8 27. Nxe6
fxe6 28. Rc1 Rf8 29. f3 Kg7 30. Rxc4 Kf6 31. Ka5 Ke5 32. Kb6 Rff7 33. Ra2 h5 34.
Ka7 g4 35. hxg4 hxg4 36. b6 gxf3 37. Ra5+ Kf4 38. e5+ Ke3 39. gxf3 Kf2 40. Ra3
Kg3 41. f4+ Kg4 42. Rac3 Rxf4 43. Rc7 Rd1 44. Kxb7 Kf5 45. R3c4 Rxc4 46. Rxc4
Kxe5 47. Kc6 Kf5 48. b7 Rd8 49. Ra4 Rb8 50. Ra8 Rxb7 51. Kxb7 e5 52. Kc6 e4 53.
Kd5 1-0

[Event "ASIA+EUROPA"]
[Site "http://www.queenalice.com/game.php?id=1041450"]
[Date "2012.3.22"]
[Round "1"]
[White "jotu"]
[Black "KHIM"]
[Result "0-1"]
[WhiteElo "2269"]
[BlackElo "2468"]

1. e4 Nf6 2. e5 Nd5 3. d4 d6 4. Nf3 dxe5 5. Nxe5 g6 6. Bc4 Be6 7. O-O Bg7 8. Re1
O-O 9. Bb3 c6 10. Nd2 Nd7 11. Nef3 Nc7 12. Ne4 Bxb3 13. axb3 a5 14. c3 Re8 15.
Bf4 Ne6 0-1

[Event "ASIA+EUROPA"]
[Site "http://www.queenalice.com/game.php?id=1080633"]
[Date "2012.7.8"]
[Round "2"]
[White "pickles"]
[Black "KHIM"]
[Result "0-1"]
[WhiteElo "2477"]
[BlackElo "2472"]

1. d4 d5 2. c4 dxc4 3. Nf3 Nf6 4. e3 e6 5. Bxc4 c5 6. O-O a6 7. Bd3 cxd4 8. exd4
Be7 9. Nc3 b5 10. a4 b4 11. Ne4 Bb7 12. Qe2 Nbd7 13. Ned2 O-O 14. Nc4 Nb6 15.
Be3 Nxc4 16. Bxc4 Nd5 17. Rac1 Bf6 18. Rfd1 Nxe3 19. fxe3 Qa5 20. b3 Rac8 21.
Ne1 e5 22. d5 Qb6 23. Nd3 Bg5 24. Re1 Rcd8 25. Nxe5 Bxd5 26. Bxd5 Rxd5 27. Nc4
Qe6 28. e4 Rd4 29. Rcd1 Rfd8 30. Rxd4 Rxd4 31. g3 Be7 32. Qf3 g6 33. e5 g5 34.
Rd1 Rxd1+ 35. Qxd1 Qc6 36. Kf2 Bc5+ 37. Ne3 h6 38. Ke2 Bxe3 39. Kxe3 Qe6 40. Ke4
f5+ 41. Kf3 Qxe5 42. a5 g4+ 43. Kg2 Qxa5 44. Qd2 Qc5 45. Qxh6 Qd5+ 46. Kg1 Qd1+
47. Kf2 Qxb3 48. Qg6+ Kf8 49. Qf6+ Ke8 50. Qxa6 Qf3+ 51. Kg1 Qd1+ 52. Kf2 Qd4+
53. Ke2 Ke7 54. Qc8 Qe4+ 55. Kf2 Kd6 56. Kf1 Qh1+ 0-1

[Event "ASIA+EUROPA"]
[Site "http://www.queenalice.com/game.php?id=1118157"]
[Date "2012.11.1"]
[Round "3"]
[White "KHIM"]
[Black "shogun"]
[Result "1/2-1/2"]
[WhiteElo "2480"]
[BlackElo "2527"]

1. e4 c5 2. Nf3 d6 3. Bb5+ Bd7 4. Bxd7+ Nxd7 5. O-O Ngf6 6. Qe2 Rc8 7. c3 e6 8.
d4 cxd4 9. cxd4 d5 10. e5 Ne4 11. Nbd2 Nxd2 12. Bxd2 Be7 13. Rac1 O-O 14. Qb5
Nb6 15. b3 Rxc1 16. Rxc1 Qb8 17. g3 Rc8 18. Rxc8+ Qxc8 19. Qa5 Qb8 20. Bb4 Nc8
21. Bxe7 Nxe7 22. b4 h6 23. Qc5 Nc6 24. a4 a6 25. Kg2 Qd8 26. h4 Qb8 27. g4 Qd8
28. Kg3 g6 29. Kh2 Qf8 30. b5 axb5 31. axb5 Na5 32. Qc7 Qa8 33. Nd2 Nc4 34. Nxc4
dxc4 35. Qxc4 b6 36. d5 exd5 37. Qd4 Qd8 38. Kg3 Kf8 39. f3 h5 40. g5 Ke7 41.
Kf2 1/2-1/2

[Event "ASIA+EUROPA"]
[Site "http://www.queenalice.com/game.php?id=1186913"]
[Date "2013.6.1"]
[Round "5"]
[White "LUKK22"]
[Black "KHIM"]
[Result "0-1"]
[WhiteElo "2463"]
[BlackElo "2480"]

1. g4 d5 2. c4 dxc4 3. Qa4+ c6 4. Qxc4 e5 5. Nf3 Be6 6. Qc2 Nd7 7. h3 h5 8. g5
Ne7 9. Nc3 Qb6 10. Bg2 Nf5 11. d3 O-O-O 12. O-O Kb8 13. Rb1 c5 14. Qa4 Qb4 15.
b3 f6 16. Qxb4 cxb4 17. Ne4 Be7 18. Bb2 Rhg8 19. Rbd1 Nb6 20. Rc1 Rd5 21. Rc2
Ra5 22. Ra1 Rd8 23. Kh2 Nd5 24. e3 Bg8 25. h4 Bh7 26. Bh3 Nd6 27. Nfd2 Nb6 28.
Bf1 Nf5 29. Nf3 Nd7 30. Bg2 a6 31. Bf1 Nf8 32. Nfd2 Nxh4 33. gxf6 gxf6 34. Nc4
Rad5 35. Kh3 Nfg6 36. Be2 Bg8 37. Kh2 Be6 38. Ng3 Rxd3 39. Nxh5 R3d7 40. Ng7
Bxc4 41. bxc4 e4 42. Nh5 Ne5 43. Bxe5+ fxe5 44. c5 Rh8 45. Bg4 Rdd8 46. c6 bxc6
47. Rxc6 Nf3+ 48. Kh3 Rd2 49. Rf1 Rxa2 50. Bxf3 exf3 51. Kg4 a5 52. Re6 Rh7 53.
Ng3 a4 54. Nf5 Bd8 55. Rxe5 b3 56. Rd1 Bf6 57. Re8+ Ka7 58. Rb1 Rb7 59. Nd6 Ra1
60. Rxa1 Rb4+ 61. Kxf3 Bxa1 62. Re4 Rxe4 63. Kxe4 Ka6 64. Nc4 Kb5 65. Kd3 Kb4
66. Nb6 a3 67. Nd5+ Kc5 68. Nf4 a2 69. Ke4 Kc4 70. Nd3 Bf6 71. Nc1 a1=Q 72. Nxb3
Qe5+ 73. Kf3 Kxb3 74. e4 Bh4 75. Ke3 Qf6 76. e5 Qxf2+ 77. Kd3 Bg5 78. Ke4 Kc4
0-1

[Event "Nicaragua Open"]
[Site "http://www.queenalice.com/game.php?id=1257576"]
[Date "2014.2.17"]
[Round "2"]
[White "Lucius1"]
[Black "KHIM"]
[Result "1/2-1/2"]
[WhiteElo "2611"]
[BlackElo "2497"]

1. Nf3 c6 2. c4 d5 3. d4 Nf6 4. Nc3 e6 5. Bg5 Nbd7 6. e3 h6 7. Bh4 Be7 8. Qc2
O-O 9. Rd1 b6 10. Bd3 Bb7 11. O-O Rc8 12. Bg3 dxc4 13. Bxc4 b5 14. Be2 b4 15.
Ne4 Nxe4 16. Qxe4 Qb6 17. Qb1 c5 18. dxc5 Nxc5 19. Nd2 Qc6 20. Bf3 Qa6 21. Bxb7
Qxb7 22. b3 Rfd8 23. Nc4 Rd5 24. Be5 Na4 25. Qa1 f6 26. Bd4 e5 27. Bb2 Nb6 28.
Rxd5 Qxd5 29. Rd1 Qe4 30. Nxb6 axb6 31. h3 Rc7 32. Rd2 Ra7 33. Bc1 Ra5 34. Kh2
Kh7 35. Bb2 Ra7 36. Kg1 Kg8 37. Kh2 Qf5 38. Kg1 Kf7 39. Kh2 h5 40. h4 Qe4 41. g3
Kg6 42. Bc1 Kh6 43. Qb2 Rc7 44. Qa1 Bc5 45. Bb2 Ra7 46. Kg1 Ra8 47. Kh2 Ra7 48.
Bc1 g5 49. hxg5+ Kxg5 50. Qb2 h4 51. f4+ Kg4 52. gxh4 Rh7 53. Rg2+ Kf5 54. Qe2
Rxh4+ 55. Kg3 exf4+ 56. exf4 Qxe2 57. Rxe2 Rh8 58. Rc2 Rd8 59. Kf3 Rd3+ 60. Ke2
Rh3 61. Bb2 Rh4 62. Kf3 Rxf4+ 63. Kg3 Rf1 64. Rc4 Ke6 65. Re4+ Kd5 66. Re2 b5
67. Kg2 Rf5 68. Kh3 Bd6 69. Rd2+ Ke6 70. Kg2 Bf4 71. Rd1 Be5 72. Bd4 Rg5+ 73.
Kf2 Bd6 74. Rh1 Rg4 75. Bb2 f5 76. Ba1 Bc5+ 77. Kf3 Rg1 78. Rxg1 Bxg1 79. Bg7
Ke7 80. Kf4 Kf7 81. Bh6 Ke6 82. Bf8 Bh2+ 83. Kg5 Bc7 84. Bxb4 Ke5 85. a4 Bd8+
86. Kh5 bxa4 87. bxa4 Bc7 1/2-1/2